Piłkarze powoływani przez Jerzego Brzęczka - Statystyki

Ogólne statystyki
  • Ten quiz został rozwiązany 922 razy
  • Średni wynik to 27 z 38
Statystyki odpowiedzi
Klub Odpowiedź % Poprawnych
Juventus Wojciech Szczęsny
99%
West Ham Łukasz Fabiański
98%
AS Monaco Kamil Glik
97%
Bayern Monachium Robert Lewandowski
97%
Napoli Arkadiusz Milik
96%
Lokomotiv Moskwa Grzegiorz Krychowiak
96%
Southampton Jan Bednarek
96%
Genoa, AC Milan Krzysztof Piątek
95%
Wolfsburg, Wisła Kraków Jakub Błaszczykowski
94%
Hull City Kamil Grosicki
94%
Napoli Piotr Zieliński
94%
Sampdoria Bartosz Bereszyński
90%
Leeds Mateusz Klich
89%
Sampdoria Karol Linetty
87%
Lokomotiv Moskwa Maciej Rybus
87%
Fortuna Dusseldorf Dawid Kownacki
85%
Bologna Łukasz Skorupski
84%
Atalanta Arkadiusz Reca
83%
Dynamo Kijów Tomasz Kędziora
82%
MKE Ankaragücü Michał Pazdan
81%
Jagiellonia, Chicago Fire Tomasz Frankowski
80%
Ludogorets Jacek Góralski
76%
Dinamo Zagrzeb Damian Kądzior
74%
Wisła Płock, Achmat Grozny Damian Szymański
71%
Legia Warszawa Sebastian Szymański
71%
SPAL Thiago Cionek
70%
Amiens Rafał Kurzawa
63%
Fortuna Dusseldorf Marcin Kamiński
61%
Legia Warszawa Artur Jędrzejczyk
59%
Lech Poznań Robert Gumny
41%
Jagiellonia Taras Romanczuk
40%
Pogoń Szczecin Adam Buksa
37%
Górnik Zabrze Szymon Żurkowski
35%
Bolton Wanderes Paweł Olkowski
29%
Lech Poznań Maciej Makuszewski
25%
Wisła Kraków Rafał Pietrzak
25%
Wisła Płock Adam Dźwigała
15%
Pogoń Szczecin Hubert Matynia
12%
Nie znaleziono quizów pasujących do podanych kryteriów
Rozkład punktacji
Procent ludzi z każdym wynikiem
Percentyl według liczby udzielonych odpowiedzi
Twoja historia wyników
Nie rozwiązałeś tego quizu